Вып. 122; Библиотековедение и библиография за рубежом

Opis bibliograficzny
Parent link:Библиотековедение и библиография за рубежом: сборник/ Государственная библиотека СССР им. В.И. Ленина. Вып. 122.— , 1958-1994
Kolejni autorzy: Григоров В. М. (редактор)
Język:rosyjski
Wydane: 1989
Hasła przedmiotowe:
Format: MixedMaterials Książka
KOHA link:https://koha.lib.tpu.ru/cgi-bin/koha/opac-detail.pl?biblionumber=232730

MARC

LEADER 00000nam2a2200000 4500
001 232730
005 20231101231207.0
035 |a (RuTPU)RU\TPU\book\253784 
035 |a RU\TPU\book\225639 
090 |a 232730 
100 |a 20130218d1989 k y0rusy5003 ca 
101 0 |a rus 
102 |a RU 
105 |a y z 000zy 
200 0 |a Вып. 122  |f отв. ред. В. М. Григоров 
210 |d 1989 
215 |a 120 с. 
461 1 |0 (RuTPU)RU\TPU\book\165548  |t Библиотековедение и библиография за рубежом  |o сборник  |f Государственная библиотека СССР им. В.И. Ленина  |v Вып. 122  |d 1958-1994 
606 1 |a Библиотековедение  |2 stltpush  |3 (RuTPU)RU\TPU\subj\28611  |9 52128 
606 1 |a Библиография  |x Теория  |x Методика  |2 stltpush  |3 (RuTPU)RU\TPU\subj\68284  |9 83712 
610 1 |a зарубежье 
610 1 |a информационное обеспечение 
610 1 |a библиотечные организации 
610 1 |a международные встречи 
686 |a Ч73(4,8)  |2 rubbk 
686 |a Ч75  |2 rubbk 
702 1 |a Григоров  |b В. М.  |4 340 
801 0 |a RU  |b 63413507  |c 19950417  |g psbo 
801 1 |a RU  |b 63413507  |c 20120118 
801 2 |a RU  |b 63413507  |c 20160323  |g RCR 
942 |c BK